[Event "Tourn. n8780"]
[Site "www.chess-mail.com"]
[Date "2016.06.15"]
[Round "1"]
[White "Picifarkinca"]
[Black "Jesmantiz"]
[WhiteElo "1800"]
[BlackElo "1900"]
[Result "0-1"]
[Round "1"]
1.Ng1f3 f5
2.d4 g6
3.g3 Bf8g7
4.Bf1g2 Ng8f6
5.O-O O-O
6.c3 d6
7.Qd1b3 Kh8
8.Nb1d2 c6
9.Nf3g5 d5
10.e4 fxe4
11.Nd2xe4 dxe4
12.Ng5f7 Rf8xf7
13.Qb3xf7 Nb8a6
14.Qf7b3 Na6c7
15.Bc1f4 Nc7d5
16.Bf4e5 e3
17.Ra1e1 exf2
18.Rf1xf2 b5
19.c4 bxc4
20.Qb3xc4 Qd8b6
21.b4 Bc8a6
22.Qc4c5 Qb6xb4
23.Qc5xb4 Nd5xb4
24.Re1b1 Nb4d5
25.Bg2xd5 cxd5
26.Be5xf6 Bg7xf6
27.Rf2d2 Ra8c8
{ resign }
0-1

[Event "Tourn. n8811"]
[Site "www.chess-mail.com"]
[Date "2016.06.15"]
[Round "1"]
[White "Umutkrc"]
[Black "Picifarkinca"]
[WhiteElo "1800"]
[BlackElo "1940"]
[Result "1/2-1/2"]
[Round "1"]
1.e3 Ng8f6
2.b3 g6
3.Bc1b2 Bf8g7
4.Bf1c4 d5
5.Bc4d3 O-O
6.h4 Rf8e8
7.Nb1c3 e5
8.e4 d4
9.Nc3b5 c5
10.f3 a6
11.Nb5a3 Nb8c6
12.Ng1h3 b5
13.c4 b4
14.Na3c2 Nf6h5
15.Nh3f2 Nh5f4
{ draw }
1/2-1/2

[Event "Tourn. n8734"]
[Site "www.chess-mail.com"]
[Date "2016.06.15"]
[Round "1"]
[White "Antuan72"]
[Black "Matchbox"]
[WhiteElo "1920"]
[BlackElo "1820"]
[Result "0-1"]
[Round "1"]
1.e4 g6
2.d4 Bf8g7
3.Ng1f3 c6
4.Bf1e2 d5
5.e5 Bc8g4
6.O-O e6
7.Nb1c3 Bg4xf3
8.Be2xf3 Ng8e7
9.Bc1d2 Nb8d7
10.Ra1b1 Nd7b6
11.b3 O-O
12.Nc3e2 Rf8e8
13.Bd2c3 a5
14.Bc3b2 a4
15.Bb2a1 axb3
16.cxb3 Qd8c7
17.Qd1d3 Ra8xa2
18.Ne2c3 Ra2a7
19.Nc3e2 Nb6d7
 { time }
0-1

[Event "Tourn. n8836"]
[Site "www.chess-mail.com"]
[Date "2016.06.15"]
[Round "1"]
[White "Kampungboy"]
[Black "Bojan"]
[WhiteElo "2010"]
[BlackElo "1980"]
[Result "1-0"]
[Round "1"]
1.e4 e5
2.f4 exf4
3.Ng1f3 Bf8e7
4.Nb1c3 c6
5.Bf1c4 d6
6.O-O g5
7.d4 f5
8.exf5 Bc8xf5
9.Rf1e1 d5
10.Bc4d3 Nb8d7
11.Bd3xf5 h6
12.Bf5g6 Kf8
13.Qd1e2 Ng8f6
14.Qe2e6 Rh8g8
15.Qe6f7 { resign }
1-0

[Event "Tourn. n8799"]
[Site "www.chess-mail.com"]
[Date "2016.06.15"]
[Round "1"]
[White "Picifarkinca"]
[Black "Esperanza"]
[WhiteElo "1910"]
[BlackElo "1819"]
[Result "1/2-1/2"]
[Round "1"]
1.e4 e6
2.d3 d5
3.Nb1d2 c5
4.c3 Nb8c6
5.g3 Bf8d6
6.Bf1g2 Ng8f6
7.Qd1c2 O-O
8.f4 Nf6g4
9.Nd2f3 d4
10.e5 Bd6e7
11.Qc2e2 Ng4h6
12.Ng1h3 Qd8a5
13.Bc1d2 Qa5b6
14.b3 Rf8d8
15.Nh3f2 a5
16.O-O { draw }
1/2-1/2

[Event "Tourn. n8801"]
[Site "www.chess-mail.com"]
[Date "2016.06.15"]
[Round "1"]
[White "Malbertan"]
[Black "Francesco"]
[WhiteElo "2020"]
[BlackElo "2000"]
[Result "1-0"]
[Round "1"]
1.e4 c6
2.d4 d5
3.Nb1c3 dxe4
4.Nc3xe4 Bc8f5
5.Ne4g3 Bf5g6
6.Ng1f3 e6
7.h4 h6
8.h5 Bg6h7
9.Bf1d3 Bh7xd3
10.Qd1xd3 Ng8f6
11.Bc1f4 Bf8d6
12.Bf4xd6 Qd8xd6
13.O-O-O Qd6f4
14.Kb1 Nb8d7
15.Rh1e1 O-O-O
16.Qd3a3 Kb8
17.Rd1d3 Nd7b6
18.Qa3a5 Rd8d5
19.Qa5a3 Rh8d8
20.c3 Nb6c4
21.Qa3b3 Nc4a5
22.Qb3c2 Na5c4
23.Nf3d2 Qf4xf2
24.Re1e2 Nc4xd2
25.Qc2xd2 Qf2g1
26.Re2e1 Qg1h2
27.Re1h1 Qh2xh1
28.Ng3xh1 Rd5xh5
29.Nh1g3 Rh5g5
30.Qd2f4 Kc8
31.Ng3e4 Rg5xg2
32.Ne4xf6 gxf6
33.Qf4xf6 a5
34.Qf6xf7 Rg2g1
35.Kc2 Rg1g2
36.Rd3d2 Rg2g8
37.Qf7xe6 Kb8
38.Qe6xh6 { resign }
1-0

[Event "Tourn. n8797"]
[Site "www.chess-mail.com"]
[Date "2016.06.15"]
[Round "1"]
[White "Jjmcbride"]
[Black "Olddog55"]
[WhiteElo "1650"]
[BlackElo "1630"]
[Result "0-1"]
[Round "1"]
1.e3 d5
2.d4 Ng8f6
3.c4 e6
4.h3 b6
5.Ng1f3 Nf6e4
6.Qd1c2 Bf8b4
7.Nb1d2 Bc8a6
8.Qc2a4 c6
9.Qa4xb4 c5
 { time }
0-1

[Event "Tourn. n8811"]
[Site "www.chess-mail.com"]
[Date "2016.06.15"]
[Round "1"]
[White "Esperanza"]
[Black "Picifarkinca"]
[WhiteElo "1819"]
[BlackElo "1940"]
[Result "1/2-1/2"]
[Round "1"]
1.Ng1f3 d5
2.g3 Ng8f6
3.Bf1g2 g6
4.b3 Bf8g7
5.Bc1b2 O-O
6.O-O c6
7.d3 Nb8d7
8.Nb1d2 Qd8c7
9.e4 e5
10.Qd1e2 d4
11.h3 c5
12.Nf3h2 Nf6h5
{ draw }
1/2-1/2

[Event "Tourn. n8804"]
[Site "www.chess-mail.com"]
[Date "2016.06.15"]
[Round "1"]
[White "Wwgia"]
[Black "Picifarkinca"]
[WhiteElo "1990"]
[BlackElo "1920"]
[Result "1-0"]
[Round "1"]
1.d4 Ng8f6
2.c4 e6
3.Ng1f3 Bf8b4
4.Nb1d2 O-O
5.a3 Bb4e7
6.e4 d6
7.b4 Nb8d7
8.Bc1b2 c6
9.Bf1e2 Qd8c7
10.O-O b6
11.Ra1c1 Bc8b7
12.Rf1e1 c5
13.Be2f1 cxd4
14.Nf3xd4 Rf8c8
15.Qd1b3 { resign }
1-0

[Event "Tourn. n8726"]
[Site "www.chess-mail.com"]
[Date "2016.06.15"]
[Round "1"]
[White "Coventry"]
[Black "Bojan"]
[WhiteElo "1950"]
[BlackElo "1910"]
[Result "0-1"]
[Round "1"]
1.d4 g6
2.g3 Bf8g7
3.Bf1g2 d6
4.Ng1f3 c6
5.O-O e6
6.c4 Ng8e7
7.Nb1c3 Nb8d7
8.e4 a6
9.Bc1f4 Qd8b6
10.Qd1d2 c5
11.d5 Nd7f6
12.Rf1d1 Bc8d7
13.Ra1c1 Nf6h5
14.Bf4e3 e5
15.b3 h6
16.h3 f5
17.exf5 gxf5
18.Kh2 O-O-O
19.Qd2c2 Rd8g8
20.a3 Bg7f6
21.b4 e4
22.bxc5 dxc5
23.Nf3d2 Qb6d6
24.Nd2f1 Rg8g6
25.Kh1 Bf6e5
26.Rc1b1 Rh8g8
27.Qc2b2 Qd6c7
28.Qb2b3 Nh5xg3
29.Nf1xg3 Be5xg3
30.fxg3 Rg6xg3
31.d6 Qc7b8
32.dxe7 Rg3xe3
33.Rd1d5 Qb8c7
34.Rd5xc5 Bd7c6
35.Nc3d5 Re3xb3
36.Rb1xb3 Qc7d6
37.Rc5a5 Bc6xd5
 { time }
0-1

[Event "Tourn. n8781"]
[Site "www.chess-mail.com"]
[Date "2016.06.15"]
[Round "1"]
[White "Jhzes"]
[Black "Masterchess"]
[WhiteElo "1809"]
[BlackElo "1800"]
[Result "1-0"]
[Round "1"]
1.Nb1c3 c5
2.e4 Nb8c6
3.Ng1f3 d6
4.d4 cxd4
5.Nf3xd4 Ng8f6
6.Bf1b5 Bc8d7
7.Nd4xc6 bxc6
8.Bb5a6 g6
9.f3 Bf8g7
10.O-O Qd8b6
11.Kh1  { time }
1-0

[Event "Tourn. n8706"]
[Site "www.chess-mail.com"]
[Date "2016.06.15"]
[Round "1"]
[White "Passaroa25"]
[Black "Azulmarino"]
[WhiteElo "1620"]
[BlackElo "1480"]
[Result "1/2-1/2"]
[Round "1"]
1.e4 e5
2.Ng1e2 Ng8f6
3.Ne2g3 Nb8c6
4.c3 Bf8c5
5.d3 O-O
6.Bc1e3 d5
7.Be3xc5 Bc8g4
8.Bf1e2 Bg4e6
9.Bc5xf8 Qd8xf8
10.O-O Ra8d8
11.Nb1d2 Qf8d6
12.Nd2f3 Nf6g4
13.b4 Qd6e7
14.h3 Ng4f6
15.Ng3f5 Be6xf5
16.exf5 e4
17.Nf3d4 Nf6h5
18.g4 Nh5f4
19.Nd4xc6 bxc6
20.dxe4 Qe7xe4
21.f3 Qe4e3
22.Rf1f2 Nf4xh3
23.Kg2 Nh3xf2
24.Qd1f1 Rd8d6
25.Ra1e1 Nf2e4
26.fxe4 Rd6h6
27.Qf1f3 Qe3g5
28.Re1h1 Rh6h4
29.Rh1xh4 Qg5xh4
30.exd5 cxd5
31.Qf3xd5 g6
32.fxg6 hxg6
33.Qd5a8 Kg7
34.Qa8xa7 Qh4e7
35.Qa7d4 f6
36.Kf3 Qe7e6
37.a4 g5
38.Be2c4 Qe6c6
39.Qd4e4 Qc6xa4
40.Qe4d5 Qa4e8
41.Qd5g8 Qe8xg8
{ draw }
1/2-1/2

[Event "Tourn. n8727"]
[Site "www.chess-mail.com"]
[Date "2016.06.15"]
[Round "1"]
[White "Jftgalloso"]
[Black "Falcoale"]
[WhiteElo "1870"]
[BlackElo "1740"]
[Result "0-1"]
[Round "1"]
1.d4 Ng8f6
2.c4 e6
3.Ng1f3 b6
4.a3 Bc8b7
5.Nb1c3 Bf8e7
6.e3 d5
7.cxd5 Nf6xd5
8.Qd1c2 O-O
9.e4 Nd5xc3
10.bxc3 Nb8d7
11.Bf1e2 Nd7f6
12.Nf3d2 Ra8c8
13.O-O Qd8d7
14.e5 Nf6d5
15.Nd2e4 c5
 { time }
0-1

[Event "Tourn. n8757"]
[Site "www.chess-mail.com"]
[Date "2016.06.15"]
[Round "1"]
[White "Jpmartinez"]
[Black "Seger"]
[WhiteElo "2580"]
[BlackElo "2760"]
[Result "0-1"]
[Round "1"]
1.d4 Ng8f6
2.c4 e6
3.Nb1c3 Bf8b4
4.f3 d5
5.a3 Bb4xc3
6.bxc3 c5
7.cxd5 exd5
8.e3 c4
9.Ng1e2 Nb8c6
10.Ra1b1 O-O
11.g4 Nc6a5
12.Ne2g3 Na5b3
13.Bf1e2 Qd8a5
14.Qd1c2 Bc8d7
15.Rb1xb3 { time. }
0-1

[Event "Tourn. n8724"]
[Site "www.chess-mail.com"]
[Date "2016.06.15"]
[Round "1"]
[White "Prize64"]
[Black "Mars91"]
[WhiteElo "2250"]
[BlackElo "2020"]
[Result "1-0"]
[Round "1"]
1.e4 g6
2.d4 Bf8g7
3.Nb1c3 d6
4.Bc1g5 c6
5.f3 h6
6.Bg5h4 Qd8c7
7.a4 Ng8f6
8.Bf1c4 O-O
9.Ng1e2 e5
10.O-O Nb8d7
11.Bc4b3 b6
12.Qd1d2 Bc8a6
13.Rf1d1 Ba6xe2
14.Nc3xe2 Rf8e8
15.c3 a6
16.d5 c5
17.Bb3c4 Qc7b7
18.Qd2d3 Nd7f8
19.Bh4f2 g5
20.Ne2g3 Nf8g6
21.Bf2e3 Ng6f4
22.Be3xf4 exf4
23.Ng3f5 Re8d8
24.Rd1e1  { time }
1-0

[Event "Tourn. n8817"]
[Site "www.chess-mail.com"]
[Date "2016.06.15"]
[Round "1"]
[White "Bojan"]
[Black "Picifarkinca"]
[WhiteElo "1980"]
[BlackElo "1970"]
[Result "1/2-1/2"]
[Round "1"]
1.c4 Ng8f6
2.b4 g6
3.Bc1b2 Bf8g7
4.d3 O-O
5.Nb1d2 d6
6.e3 e5
7.Bf1e2 c6
8.h4 Qd8c7
9.Ng1h3 a5
10.b5 b6
11.a4 Bc8b7
12.e4 cxb5
13.cxb5 Nb8d7
14.Ra1c1 Qc7d8
15.f4 Qd8e7
16.Nd2f3 Nf6g4
17.Nf3g5 Ng4e3
{ draw }
1/2-1/2

[Event "Tourn. n8795"]
[Site "www.chess-mail.com"]
[Date "2016.06.15"]
[Round "1"]
[White "Panham"]
[Black "Coventry"]
[WhiteElo "2200"]
[BlackElo "2020"]
[Result "1-0"]
[Round "1"]
1.d4 d5
2.c4 dxc4
3.Ng1f3 Ng8f6
4.e3 e6
5.Bf1xc4 c5
6.O-O a6
7.a4 Bf8e7
8.Rf1e1 O-O
9.Nb1c3 cxd4
10.exd4 Nb8c6
11.d5  { time }
1-0

[Event "Tourn. n8823"]
[Site "www.chess-mail.com"]
[Date "2016.06.15"]
[Round "1"]
[White "Cal"]
[Black "Kampungboy"]
[WhiteElo "1670"]
[BlackElo "1499"]
[Result "0-1"]
[Round "1"]
1.d4 Ng8f6
2.Nb1c3 g6
3.Bc1g5 Bf8g7
4.e4 d6
5.Ng1f3 O-O
6.Bf1d3 c5
7.d5 a6
8.a3 b5
9.b4 Qd8c7
10.bxc5 Qc7xc5
11.Qd1d2 Nf6g4
12.h3 Bg7xc3
13.Bg5xe7 Bc3xd2
14.Kxd2 Ng4xf2
15.Rh1f1 Nf2xd3
16.cxd3 Rf8e8
17.Be7f6 Nb8d7
18.Rf1c1 Qc5f2
19.Kc3 Nd7xf6
20.Rc1c2 Qf2g3
21.Ra1d1 Bc8xh3
22.Nf3d2 Ra8c8
23.Kb2 Rc8xc2
24.Kxc2 Re8c8
25.Kb2 Qg3xd3
{ resign }
0-1

[Event "Tourn. n8684"]
[Site "www.chess-mail.com"]
[Date "2016.06.15"]
[Round "1"]
[White "Greghghs"]
[Black "Masteratches"]
[WhiteElo "2340"]
[BlackElo "2640"]
[Result "0-1"]
[Round "1"]
1.e4 c5
2.Ng1f3 Nb8c6
3.d4 cxd4
4.Nf3xd4 Ng8f6
5.Nb1c3 e5
6.Nd4b5 d6
7.Bc1g5 a6
8.Nb5a3 b5
9.Bg5xf6 gxf6
10.Nc3d5 f5
11.g3 fxe4
12.Bf1g2 Bc8e6
13.Bg2xe4 Bf8g7
14.Qd1h5 Ra8c8
15.O-O Nc6e7
16.Ra1d1 Ne7xd5
17.Be4xd5 O-O
18.c3 Rc8c5
19.Bd5xe6 fxe6
20.Na3c2 Rc5c8
21.Nc2e3 d5
22.Ne3g4 Qd8e7
23.Rf1e1 e4
24.Re1e2 Kh8
25.a3 Rf8f5
26.Qh5h3 Rc8f8
27.Ng4e3 Rf5f6
28.Ne3c2 Qe7f7
29.Qh3g2 Bg7h6
30.Rd1e1 Bh6f4
31.Re1d1 Bf4c7
32.Rd1f1 Bc7b6
33.Nc2e3 Rf6f3
34.Ne3d1 h5
35.Nd1e3 e5
36.Ne3d1 Qf7f5
37.Nd1e3 Bb6xe3
38.Re2xe3 d4
{ resign }
0-1

[Event "Tourn. n8730"]
[Site "www.chess-mail.com"]
[Date "2016.06.15"]
[Round "1"]
[White "Jftgalloso"]
[Black "Libiesse"]
[WhiteElo "1870"]
[BlackElo "1960"]
[Result "0-1"]
[Round "1"]
1.d4 d5
2.c4 e6
3.Ng1f3 Ng8f6
4.Nb1c3 c6
5.c5 Nb8d7
6.b4 a6
7.Bc1g5 Bf8e7
8.Bg5xf6 Be7xf6
9.e3 O-O
10.Bf1d3 Rf8e8
11.Qd1c2 Nd7f8
12.a3 Nf8g6
13.Bd3xg6 hxg6
14.h4 Kf8
15.g4 e5
16.dxe5 Bf6xe5
 { time }
0-1

[Event "Tourn. n8844"]
[Site "www.chess-mail.com"]
[Date "2016.06.15"]
[Round "1"]
[White "Pwain"]
[Black "Libiesse"]
[WhiteElo "2119"]
[BlackElo "2040"]
[Result "1-0"]
[Round "1"]
1.e4 c5
2.Ng1f3 e6
3.Nb1c3 Nb8c6
4.Bf1b5 Qd8c7
5.O-O Ng8f6
6.Rf1e1 d5
7.exd5 { resign }
1-0

[Event "Match"]
[Site "www.echecsemail.com"]
[Date "2016.06.15"]
[Round "1"]
[White "Irene"]
[Black "Coraza"]
[WhiteElo "2080"]
[BlackElo "1740"]
[Result "1-0"]
[Round "1"]
1.d4 e6
2.e4 Nb8c6
3.Ng1f3 h6
4.Bf1d3 Bf8b4
5.c3 Bb4a5
6.a4 a6
7.b3 d5
8.e5 Ng8e7
9.Nf3h4 g5
10.Nh4f3 Ne7g8
11.b4 g4
12.Nf3d2 Ba5b6
13.Qd1xg4 h5
14.Qg4g3 f6
15.Qg3g6 Kd7
16.Qg6g7 Ng8e7
17.Qg7xf6 Rh8f8
18.Qf6h4 Qd8e8
19.Bd3e2 Rf8h8
20.O-O Qe8g6
21.Bc1a3 Rh8g8
22.g3 Ne7f5
23.Qh4h3 Nc6e7
24.Qh3xh5 Qg6g7
25.Nd2f3 c6
26.Nf3h4 Bb6d8
27.Nh4xf5 Ne7xf5
28.Nb1d2 Rg8h8
29.Qh5g4 Qg7h6
30.h4 Bd8xh4
31.gxh4 Rh8h7
32.Nd2f3 Rh7g7
33.Nf3g5 Nf5xh4
34.Ba3c1 Nh4f5
35.Qg4h5 Qh6g6
36.Qh5xg6 Rg7xg6
37.f4 Nf5g3
38.Rf1f2 Ng3e4
39.Rf2g2 Rg6h6
40.Ng5xe4 dxe4
41.f5 Rh6h7
42.f6 b5
43.Rg2g7 Rh7xg7
44.fxg7 Bc8b7
45.Be2h5 Ra8g8
46.Bc1h6 e3
47.Bh5f7 Rg8c8
48.g8Q { resign }
1-0

[Event "Match"]
[Site "www.echecsemail.com"]
[Date "2016.06.15"]
[Round "1"]
[White "Ericleo1980"]
[Black "Mars91"]
[WhiteElo "2260"]
[BlackElo "1789"]
[Result "1-0"]
[Round "1"]
1.e4 e6
2.d4 d5
3.Nb1c3 dxe4
4.Nc3xe4 Bc8d7
5.Ng1f3 Bd7c6
6.Bf1d3 Bc6xe4
7.Bd3xe4 c6
8.O-O Ng8f6
9.Be4d3 Bf8e7
10.c4 Nb8d7
11.Bc1f4 O-O
12.a3 Rf8e8
13.h3 Nd7f8
14.c5 Nf8g6
15.Bf4d2 Qd8c7
16.g3 Nf6d5
17.Rf1e1 Be7f6
18.Bd3xg6 hxg6
19.Qd1e2 Ra8d8
20.Ra1d1 Nd5e7
21.Bd2c3 Ne7d5
22.Bc3d2 b6
23.b4 Nd5e7
24.Bd2f4 Qc7b7
25.g4 Ne7d5
26.Bf4d2 Qb7c7
27.Qe2e4 Qc7d7
28.g5 Bf6e7
29.Nf3e5 Qd7c7
30.Ne5xf7 Kxf7
31.Qe4xe6 Kf8
32.Qe6xg6 Nd5f6
33.gxf6 Be7xf6
34.Re1xe8 Rd8xe8
35.Bd2g5 Bf6xg5
36.Qg6xg5  { time }
1-0

[Event "Match"]
[Site "www.echecsemail.com"]
[Date "2016.06.15"]
[Round "1"]
[White "Milkyway"]
[Black "Roserl"]
[WhiteElo "1809"]
[BlackElo "1920"]
[Result "0-1"]
[Round "1"]
1.d4 Ng8f6
2.Ng1f3 g6
3.g3 Bf8g7
4.Bf1g2 O-O
5.O-O d6
6.c4 c6
7.Nb1c3 Nb8d7
8.e4 e5
9.dxe5 dxe5
10.Qd1e2 Qd8c7
11.b3 Rf8e8
12.Bc1b2 Nd7c5
13.h3 h6
14.Bb2a3 Nc5e6
15.Rf1d1 Qc7a5
16.Ba3b2 Nf6h7
17.a3 Qa5c7
18.b4 Bc8d7
19.c5 Ra8d8
20.Rd1d2 Bd7c8
21.Ra1d1 Rd8xd2
22.Rd1xd2 Re8d8
23.Rd2xd8 Qc7xd8
24.Nc3b1 Ne6d4
25.Nf3xd4 exd4
26.Qe2d3 Nh7g5
27.Kh2 Qd8d7
28.h4 Ng5h7
29.Nb1d2 Nh7f6
30.Kg1 Nf6e8
31.Nd2b3 Ne8c7
32.a4 Nc7e6
 { time }
0-1

[Event "Match"]
[Site "www.echecsemail.com"]
[Date "2016.06.15"]
[Round "1"]
[White "Numanoid"]
[Black "Milkyway"]
[WhiteElo "2440"]
[BlackElo "2269"]
[Result "1-0"]
[Round "1"]
1.e4 d6
2.d4 Ng8f6
3.Nb1c3 g6
4.Ng1f3 Bf8g7
5.Bf1e2 O-O
6.O-O c5
7.dxc5 dxc5
8.Bc1e3 Qd8a5
9.Nf3d2 Nb8d7
10.f4 h5
11.h3 e6
12.e5 Nf6h7
13.Nd2c4 Qa5d8
14.Nc3e4 b6
15.Nc4d6 Qd8e7
16.Be2b5 Rf8d8
17.Qd1f3 Ra8b8
18.Ra1d1  { time }
1-0

[Event "Match"]
[Site "www.echecsemail.com"]
[Date "2016.06.15"]
[Round "1"]
[White "Pare123"]
[Black "Frisker"]
[WhiteElo "1980"]
[BlackElo "1809"]
[Result "0-1"]
[Round "1"]
1.c4 Ng8f6
2.Ng1f3 g6
3.d4 Bf8g7
4.Nb1c3 d5
5.c5 b6
6.b4 a5
7.Bc1a3 axb4
8.Ba3xb4 Nb8c6
9.a3 Nf6e4
10.Nc3xe4 dxe4
11.Nf3g1 Bg7xd4
12.e3 Bd4xa1
13.Qd1xa1 O-O
14.Qa1b2 Nc6xb4
15.axb4 bxc5
16.bxc5 Qd8d5
17.Qb2c3 Rf8d8
18.Bf1e2 Qd5a2
19.f4 Qa2a1
20.Qc3xa1 Ra8xa1
21.Kf2 Rd8d2
22.h3 Bc8a6
23.Rh1h2 Ba6xe2
24.Ng1xe2 Ra1a2
{ resign }
0-1

[Event "Match"]
[Site "www.echecsemail.com"]
[Date "2016.06.15"]
[Round "1"]
[White "Battlechess"]
[Black "Billyg"]
[WhiteElo "1510"]
[BlackElo "1570"]
[Result "0-1"]
[Round "1"]
1.d4 d6
2.Ng1f3 Nb8c6
3.d5 Nc6e5
4.Nf3xe5 dxe5
5.c4 c6
6.Nb1c3 e6
7.e4 h6
8.Bf1e2 Ng8f6
9.dxc6 bxc6
10.Qd1c2 Bf8c5
11.O-O O-O
12.Rf1d1 Qd8b6
13.Rd1f1 h5
14.Nc3a4 Qb6a5
15.Na4xc5 Qa5xc5
16.Bc1e3 Qc5b4
17.a3 Qb4d6
18.c5 Qd6e7
19.b4 Nf6g4
20.Be2xg4 g6
21.Bg4f3 f5
22.exf5 exf5
23.Be3h6 Rf8f6
24.Bh6g5 e4
25.Bg5xf6 Qe7xf6
26.Bf3e2 Kh7
27.Ra1d1 Bc8e6
 { time }
0-1

[Event "Match"]
[Site "www.echecsemail.com"]
[Date "2016.06.15"]
[Round "1"]
[White "Llord"]
[Black "Milkyway"]
[WhiteElo "1800"]
[BlackElo "1809"]
[Result "1-0"]
[Round "1"]
1.e4 c6
2.d4 d5
3.e5 Bc8f5
4.Ng1f3 e6
5.Bc1g5 Bf8e7
6.Bg5xe7 Ng8xe7
7.Bf1e2 Nb8d7
8.O-O O-O
9.Nb1c3 Bf5g6
10.h3 Ra8c8
11.Nf3h4 c5
12.Nh4xg6 Ne7xg6
13.Nc3b5 cxd4
14.Nb5xd4 Nd7xe5
15.Rf1e1 Ne5c4
16.Ra1b1 b6
17.Be2xc4 Rc8xc4
18.Nd4b5 Qd8d7
19.b3 Rc4c8
20.a4 a6
21.Nb5d4 Qd7c7
22.Rb1c1 Rf8d8
23.Qd1g4 Rd8e8
24.h4 Qc7f4
25.Qg4xf4 Ng6xf4
26.g3 Nf4g6
27.c3 h6
28.c4 dxc4
29.bxc4 Re8d8
30.Nd4f3 Rd8d3
31.Kg2 Rd3a3
32.Nf3d4 Ra3xa4
33.h5 Ng6e7
34.Nd4f3 Ra4xc4
35.Rc1xc4 Rc8xc4
36.Nf3e5 Rc4c2
37.Ne5d7 b5
38.Nd7b8 a5
39.Nb8a6 b4
40.Re1b1 Ne7d5
41.Kf3 Rc2c3
42.Ke4 Rc3c2
43.f4 Rc2c3
44.g4 f6
45.f5 exf5
46.Kxd5 fxg4
47.Na6xb4 axb4
48.Rb1xb4 g3
49.Rb4g4 Kf7
50.Kd4 Rc3a3
51.Kc5 f5
52.Rg4f4 Kf6
53.Rf4f1 Kg5
54.Kd5 f4
55.Ke5 Ra3a5
56.Ke4  { time }
1-0

[Event "Match"]
[Site "www.echecsemail.com"]
[Date "2016.06.15"]
[Round "1"]
[White "Milkyway"]
[Black "Hundegana"]
[WhiteElo "1809"]
[BlackElo "1920"]
[Result "0-1"]
[Round "1"]
1.e4 c5
2.Nb1c3 d6
3.f4 e6
4.Ng1f3 g6
5.Bf1b5 Bc8d7
6.Bb5xd7 Qd8xd7
7.O-O Bf8g7
8.d4 cxd4
9.Nf3xd4 Nb8c6
10.Bc1e3 Ng8e7
11.Qd1d2 Nc6xd4
12.Be3xd4 O-O
13.Bd4xg7 Kxg7
14.Ra1d1 Rf8d8
15.Qd2e3 a6
16.Rd1d2 Qd7c6
17.Rf1d1 Ne7c8
18.f5 exf5
19.exf5 Qc6b6
20.Qe3xb6 Nc8xb6
21.Rd2xd6 Rd8xd6
22.Rd1xd6 Nb6c4
23.f6 Kf8
24.Rd6d7 b5
25.b3 Nc4e3
26.Rd7d2 h6
27.h3 Ra8c8
28.Kf2 Ne3f5
29.Nc3e4 Ke8
30.g4 Nf5h4
31.Ne4d6 Kd8
32.Nd6xc8 Kxc8
33.Kg3 g5
34.Rd2d6 a5
35.Rd6d5 a4
36.Rd5xb5 axb3
37.cxb3 Nh4g6
38.a4 Ng6f8
39.a5 Nf8d7
40.a6 Kc7
41.a7 Nd7b6
42.Rb5xb6 Kxb6
43.a8Q Kb5
44.Qa8d5 Kb4
45.Qd5xf7 h5
46.gxh5 g4
47.hxg4 Kb5
48.Qf7c4 Kb6
49.f7 Kb7
50.f8Q Kb6
 { time }
0-1

[Event "Match"]
[Site "www.echecsemail.com"]
[Date "2016.06.15"]
[Round "1"]
[White "Heiserman"]
[Black "Pimpampum"]
[WhiteElo "2360"]
[BlackElo "2180"]
[Result "1-0"]
[Round "1"]
1.c4 e5
2.Nb1c3 Bf8c5
3.Ng1f3 d6
4.e3 f5
5.d4 exd4
6.exd4 Bc5b4
7.Qd1a4 Nb8c6
8.d5 { resign }
1-0

[Event "Match"]
[Site "www.echecsemail.com"]
[Date "2016.06.15"]
[Round "1"]
[White "Picifarkinca"]
[Black "Attatroll"]
[WhiteElo "1800"]
[BlackElo "2000"]
[Result "1/2-1/2"]
[Round "1"]
1.Ng1f3 d5
2.c4 dxc4
3.e3 Bc8g4
4.Bf1xc4 e6
5.O-O Ng8f6
6.d4 Bf8d6
7.Qd1e2 O-O
8.Rf1d1 Nb8c6
9.Nb1c3 a6
10.a4 Nc6b4
11.e4 Bd6e7
12.Bc4b3 c6
13.h3 Bg4xf3
14.Qe2xf3 Qd8b6
15.a5 Qb6c7
16.Bc1f4 Qc7c8
17.Nc3a4 Be7d8
18.Na4b6 Bd8xb6
19.axb6 Rf8d8
20.Ra1a5 Qc8d7
21.Bf4c7 Rd8e8
22.Ra5g5 Kh8
23.Rg5a5 Qd7e7
24.e5 Nf6d5
25.Bc7d6 Qe7d8
26.Bd6c5 Qd8d7
27.Ra5a4 a5
28.Rd1a1 Qd7d8
29.Ra4xa5 Ra8xa5
30.Ra1xa5 Nd5xb6
31.Bc5xb4 Nb6d5
32.Bb3xd5 { draw }
1/2-1/2

[Event "Match"]
[Site "www.echecsemail.com"]
[Date "2016.06.15"]
[Round "1"]
[White "Ditto"]
[Black "Redabond"]
[WhiteElo "1590"]
[BlackElo "1560"]
[Result "1-0"]
[Round "1"]
1.e4 e5
2.Ng1f3 Nb8c6
3.Bf1c4 Bf8c5
4.d3 Ng8f6
5.Bc1g5 O-O
6.O-O d6
7.Nb1c3 h6
8.Bg5d2 Bc8g4
9.Nc3d5 Nf6xd5
10.Bc4xd5 Nc6e7
11.Bd5c4 d5
12.exd5 Ne7xd5
13.Qd1e2 Qd8f6
14.Bc4xd5 c6
15.Bd5b3 Bg4xf3
16.Qe2xf3 Qf6xf3
17.gxf3 Rf8e8
18.c3 Re8d8
19.Bb3c2 f6
20.Kg2 Kf8
21.Rf1e1 a5
22.Re1e4 a4
23.Bc2xa4 Rd8xd3
24.Bd2e1 b5
25.Ba4b3 Bc5b6
26.Bb3c2 Rd3d7
27.Re4b4 Bb6c5
28.Rb4e4 Ra8e8
29.Bc2b3 f5
30.Re4e2 e4
31.fxe4 Re8xe4
32.Re2xe4 fxe4
33.Bb3c2 Rd7d6
34.Bc2xe4 Rd6e6
35.f3 Kf7
36.Ra1d1 Re6e5
37.Be4xc6 Re5e2
38.Kh3 Re2xb2
39.Kg4 Rb2xa2
40.Bc6d5 Kf8
41.Bd5xa2 { resign }
1-0

[Event "1/64 Finale"]
[Site "www.chess-mail.com"]
[Date "2016.06.15"]
[Round "1"]
[White "Piekki"]
[Black "Sandokam"]
[WhiteElo "2290"]
[BlackElo "2009"]
[Result "1-0"]
[Round "1"]
1.e4 e5
2.Ng1f3 Nb8c6
3.Bf1b5 a6
4.Bb5a4 Ng8f6
5.O-O Bf8e7
6.Rf1e1 b5
7.Ba4b3 d6
8.h3 Nc6a5
9.d4 Na5xb3
10.axb3 exd4
11.Nf3xd4 Bc8b7
12.Nd4f5 O-O
13.Nb1c3 Rf8e8
14.Bc1g5 Qd8d7
15.Qd1f3 Be7d8
16.Ra1d1 Nf6xe4
17.Qf3g4 Qd7e6
18.Bg5xd8 Qe6g6
19.Nf5e7 { resign }
1-0

[Event "1/32 Finale"]
[Site "www.chess-mail.com"]
[Date "2016.06.15"]
[Round "1"]
[White "Vega"]
[Black "Mitja"]
[WhiteElo "2540"]
[BlackElo "1890"]
[Result "1-0"]
[Round "1"]
1.e4 d5
2.exd5 Qd8xd5
3.Nb1c3 Qd5d8
4.Ng1f3 e6
5.d4 c6
6.Bf1e2 h6
7.O-O Ng8f6
8.a4 b6
9.Nf3e5 Bc8b7
10.Be2c4 Bf8e7
11.Bc1e3 Nb8d7
12.Qd1f3 Nd7xe5
13.dxe5 Nf6d5
14.Nc3xd5 cxd5
15.Bc4b5 Kf8
16.Bb5d3 Qd8c7
17.Be3d4 Be7c5
18.c3 Bc5xd4
19.cxd4 a5
20.Ra1c1 Qc7d7
21.Bd3b5 Qd7d8
22.Qf3a3 Kg8
23.Qa3d6 Kh7
24.Bb5d3 g6
25.Rc1c7 Rh8f8
26.Rc7xb7 Ra8c8
27.Qd6xe6 Rc8c7
28.Qe6xb6 Rc7xb7
29.Qb6xb7 Kg8
30.e6 fxe6
31.Bd3xg6 { resign }
1-0

[Event "1/128 Finale"]
[Site "www.chess-mail.com"]
[Date "2016.06.15"]
[Round "1"]
[White "Genius6"]
[Black "Picifarkinca"]
[WhiteElo "1710"]
[BlackElo "1920"]
[Result "0-1"]
[Round "1"]
1.e4 e6
2.d4 d5
3.Nb1c3 dxe4
4.Nc3xe4 Nb8d7
5.Ng1f3 Ng8f6
6.Bc1g5 Bf8b4
7.c3 Bb4e7
8.Bg5xf6 Nd7xf6
 { time }
0-1

[Event "Eq:Equipo Juan Diaz-Slap Shot Mates : "]
[Site "www.chess-mail.com"]
[Date "2016.06.15"]
[Round "1"]
[White "Yomismista"]
[Black "Mustaphly"]
[WhiteElo "2669"]
[BlackElo "2770"]
[Result "1/2-1/2"]
[Round "1"]
1.d4 d5
2.c4 e6
3.Nb1c3 Ng8f6
4.cxd5 exd5
5.Bc1g5 Bf8e7
6.e3 c6
7.Bf1d3 Nb8d7
8.Qd1c2 O-O
9.Ng1f3 Rf8e8
10.O-O Nd7f8
11.Ra1b1 a5
12.a3 Nf6e4
13.Bg5xe7 Qd8xe7
14.Nf3d2 Ne4xd2
15.Qc2xd2 Nf8g6
16.Rf1e1 Qe7g5
17.f4 Qg5f6
18.Qd2c2 Re8e7
19.Nc3a4 Bc8g4
20.h3 Bg4d7
21.Na4c5 Ra8e8
22.Nc5xd7 Re7xd7
23.b4 axb4
24.axb4 Rd7e7
25.Qc2d2 h6
26.g3 Qf6d6
27.Rb1c1 Re7c7
28.Kh2 Ng6f8
29.b5 Nf8d7
30.bxc6 bxc6
31.e4 dxe4
32.Bd3xe4 Nd7f6
33.Be4f3 Re8xe1
34.Rc1xe1 Rc7a7
35.Re1c1 { draw }
1/2-1/2

[Event "Fast Game"]
[Site "www.echecsemail.com"]
[Date "2016.06.15"]
[Round "1"]
[White "Fkarpov"]
[Black "Picifarkinca"]
[WhiteElo "1900"]
[BlackElo "1819"]
[Result "1/2-1/2"]
[Round "1"]
1.d4 Ng8f6
2.c4 e6
3.Nb1c3 Bf8b4
4.Bc1d2 O-O
5.e3 d5
6.Ng1f3 b6
7.Bf1e2 Bc8b7
8.a3 Bb4e7
9.Qd1b3 dxc4
10.Be2xc4 Nb8d7
11.d5 Nd7c5
12.Qb3c2 exd5
13.Bc4e2 Nc5e4
14.O-O c5
15.Ra1d1 Qd8c7
16.h3 Ne4xd2
17.Nf3xd2 Ra8d8
18.Nd2f3 h6
19.Rf1e1 Qc7b8
20.Nf3h2 Be7d6
21.g3 d4
22.exd4 Bd6xg3
23.Nh2f1 Bg3d6
24.dxc5 Bd6xc5
25.Qc2a4 Qb8c8
{ draw }
1/2-1/2

[Event "Tourn. n8704"]
[Site "www.chess-mail.com"]
[Date "2016.06.16"]
[Round "1"]
[White "Szustan"]
[Black "Emiondi"]
[WhiteElo "2610"]
[BlackElo "2260"]
[Result "1-0"]
[Round "1"]
1.e4 e5
2.Ng1f3 Nb8c6
3.Nb1c3 Ng8f6
4.d4 exd4
5.Nc3d5 Nf6xe4
6.Qd1e2 f5
7.Nf3g5 d3
8.cxd3 Nc6d4
9.Qe2h5 g6
10.Qh5h4 c6
11.dxe4 cxd5
12.exd5 Bf8g7
13.Kd1 h6
14.Ng5f3 Qd8xh4
15.Nf3xh4 Kf7
16.Bc1e3 b5
17.Ra1c1 Ra8b8
18.Kd2 Bc8b7
19.Rc1c7 Rh8d8
20.Kd3 g5
21.Be3xd4 Bg7xd4
22.Kxd4 gxh4
23.Bf1d3 Kf6
24.Rh1e1 a6
25.Re1e5 Kg7
26.Bd3xf5 Kf6
27.Bf5xd7 { resign }
1-0